| 000 | nam a22 a 4500 | ||
|---|---|---|---|
| 999 |
_c428103 _d428103 |
||
| 003 | BLK | ||
| 005 | 20210812104856.0 | ||
| 008 | 180408b bul|||||r ||||||| ||bul|| | ||
| 040 | _aBLK | ||
| 041 |
_aRUS _cRUS |
||
| 072 |
_9178367 _aЦ _xРедки и ценни |
||
| 080 |
_aРуска литература _b821.161.1 _x-8 _z821.161.1-8 |
||
| 100 | 1 |
_aЖуковский, Василий Андреевич _eпърви автор _9276050 |
|
| 139 | _aЖуковский, Василий Андреевич | ||
| 245 | 1 | 0 |
_aСочинения В.А. Жуковского _cВасилий Андреевич Жуковский; С портр., грав. И.П. Пожалостиным _nТ. 4 _pОдиссея (1842-1849) и Илиада (1849-1850) |
| 250 | _a8 изд., испр. и доп | ||
| 260 |
_aСанкт-Петербург _bИзд. И. И. Глазунова _c1885 _9435326 |
||
| 300 | _c22 см | ||
| 380 | _aX | ||
| 490 |
_aКолекция Редки и ценни издания _9435080 |
||
| 700 |
_9599 _aПожалостин, Иван Петрович _eил. |
||
| 760 |
_aЖуковский, Василий Андреевич _h[8], 448 с. _oТ. 4 Одиссея (1842-1849) и Илиада (1849-1850) _tСочинения В.А. Жуковского |
||
| 852 |
_aРр 885 _bРц |
||
| 856 | 4 | _qpdf | |
| 856 | 4 | _qpdf | |
| 942 |
_cKNG _n0 _s1 |
||
| 944 |
_aCR _c2021-08-12 _kК.Д. |
||